00625 a2200157 4500952015700000999001700157003000400174005001700178008004100195040000900236082001900245245009100264260005400355300001400409942004400423 00102ddc40708DAIRYaMESbMEScDAIRYd2022-09-26e53g350.00l1o664.028 DAI/Ap41594r2023-01-09 00:00:00s2023-01-03v350.00w2022-09-26yBKzU21R3 c41550d41550OSt20220926130331.0220926b ||||| |||| 00| 0 eng d coclc a664.028bDAI/A aAdvances in preservation of dairy and food products  aKarnal:bNational Dairy Research Institute,c2001 a218 pages 2ddccBKh664.028iDAI/Ak661.028mDAI/A